Partis politiques et coalitions aux second tour des législatives 2022 - Statistiques

Statistiques générales
  • Ce quiz a été pris 160 fois
    122 depuis la dernière actualisation
  • Le résultat moyen est 9 sur 21
Statistiques - réponses
Nombre de seconds tours Parti ou Coalition % Correct
210 Rassemblement National
98%
399 Nouvelle Union populaire écologique et sociale
96%
82 Union de la droite et du centre
95%
2 Union de la droite et du centre dissidents
95%
422 Ensemble
91%
4 Ensemble dissidents
91%
8 Nouvelle Union populaire écologique et sociale dissidents
91%
1 Banians
67%
1 Croire et Oser
59%
10 Sans étiquettes
58%
1 Debout la France
33%
1 Parti Radical de Gauche
11%
4 Régions et Peuples Solidaires
5%
3 Mouvement indépendantiste martiniquais
1%
1 Force de rassemblement abymien pour le progrès
0%
2 Front de libération nationale kanak et socialiste
0%
1 Mouvement pour le développement de Mayotte
0%
1 Parti pour la libération de la Martinique
0%
1 Parti progressiste martiniquais
0%
1 Peuple aux Commandes du Territoire
0%
1 Tròp Violans
0%
Aucun quiz correspondant
Distribution des résultats
% des personnes avec chaque résultat
Percentile par nombre de réponses
Votre historique - résultats
Vous n’avez pas pris ce quiz depuis la dernière actualisation